Notre continent, notre avenir perspectives africaines sur l'ajustement structurel /

Bibliographic Details
Main Author: Mkandawire, P. Thandika.
Corporate Authors: International Development Research Centre (Canada), Codesria., ProQuest (Firm)
Other Authors: Soludo, Charles Chukwuma.
Format: Electronic eBook
Language:French
Published: Ottawa : Centre de recherches pour le developpement international, c1999.
Subjects:
Online Access:Click to View
LEADER 01705nam a2200409Ia 4500
001 EBC259217
003 MiAaPQ
005 20200520144314.0
006 m o d |
007 cr cn|||||||||
008 050829s1999 onc sb f001 0 fre d
020 |a 1552502066 (electronic bk.) 
035 |a (MiAaPQ)EBC259217 
035 |a (Au-PeEL)EBL259217 
035 |a (CaPaEBR)ebr10120507 
035 |a (CaONFJC)MIL71808 
035 |a (OCoLC)181820719 
040 |a MiAaPQ  |c MiAaPQ  |d MiAaPQ 
050 4 |a HC800  |b .M55 1999 
082 0 4 |a 338.96  |2 22 
100 1 |a Mkandawire, P. Thandika. 
245 1 0 |a Notre continent, notre avenir  |h [electronic resource] :  |b perspectives africaines sur l'ajustement structurel /  |c Thandika Mkandawire et Charles C. Soludo. 
246 3 0 |a Perspectives africaines sur l'ajustement structurel 
260 |a Ottawa :  |b Centre de recherches pour le developpement international,  |c c1999. 
300 |a xv, 208 p. 
500 |a Also published in English under the title: Our continent, our future. 
504 |a Includes bibliographical references (p. 175-184) and index. 
533 |a Electronic reproduction. Ann Arbor, MI : ProQuest, 2015. Available via World Wide Web. Access may be limited to ProQuest affiliated libraries. 
650 0 |a Structural adjustment (Economic policy)  |z Africa. 
651 0 |a Africa  |x Economic conditions  |y 1960- 
651 0 |a Africa  |x Economic policy. 
655 4 |a Electronic books. 
700 1 |a Soludo, Charles Chukwuma. 
710 2 |a International Development Research Centre (Canada) 
710 2 |a Codesria. 
710 2 |a ProQuest (Firm) 
856 4 0 |u https://ebookcentral.proquest.com/lib/matrademy/detail.action?docID=259217  |z Click to View